Statystyki dla Czy znasz ośmiu najsłynniejszych korsarzy?

Kliknij tutaj aby rozwiązać quiz!

Ogólne statystyki

  • Ten quiz został rozwiązany 6 razy
  • Średni wynik to 3 z 8

Statystyki odpowiedzi

Odpowiedź% Poprawnych
Czarnobrody
100%
William Kidd
60%
Barbarossa (Hayreddin)
40%
Calico Jack
40%
Henry Morgan
40%
Cheng Shih
20%
François l’Olonnais
20%
Sir Francis Drake
20%

Rozkład punktacji

Percentyl według liczby udzielonych odpowiedzi

Procent ludzi z każdym wynikiem

Twoja historia wyników

Nie rozwiązałeś tego quizu